Enhancing human performance : (Record no. 2954)

000 -LEADER
fixed length control field 01307cam a2200313 a 4500
001 - CONTROL NUMBER
control field 4314654
003 - CONTROL NUMBER IDENTIFIER
control field OSt
005 - DATE AND TIME OF LATEST TRANSACTION
control field 20180117085953.0
008 - FIXED-LENGTH DATA ELEMENTS--GENERAL INFORMATION
fixed length control field 871020s1988 dcu b 001 0 eng
010 ## - LIBRARY OF CONGRESS CONTROL NUMBER
LC control number 87031233
020 ## - INTERNATIONAL STANDARD BOOK NUMBER
International Standard Book Number 0309037875 (pbk.)
020 ## - INTERNATIONAL STANDARD BOOK NUMBER
International Standard Book Number 0309037921 (hard)
040 ## - CATALOGING SOURCE
Original cataloging agency DLC
Transcribing agency DLC
Modifying agency DLC
050 00 - LIBRARY OF CONGRESS CALL NUMBER
Classification number BF637.S4
Item number E56 1988
082 00 - DEWEY DECIMAL CLASSIFICATION NUMBER
Classification number 158
Edition number 19
245 00 - TITLE STATEMENT
Title Enhancing human performance :
Remainder of title issues, theories, and techniques /
Statement of responsibility, etc. Daniel Druckman and John A. Swets, editors.
260 ## - PUBLICATION, DISTRIBUTION, ETC.
Place of publication, distribution, etc. Washington, D.C. :
Name of publisher, distributor, etc. National Academy Press,
Date of publication, distribution, etc. 1988.
300 ## - PHYSICAL DESCRIPTION
Extent xi, 299 p. ;
Dimensions 23 cm.
500 ## - GENERAL NOTE
General note "Committee on Techniques for the Enhancement of Human Performance, Commission on Behavioral and Social Sciences and Education, National Research Council."
500 ## - GENERAL NOTE
General note Includes index.
504 ## - BIBLIOGRAPHY, ETC. NOTE
Bibliography, etc. note Bibliography: p. 209-231.
650 #0 - SUBJECT ADDED ENTRY--TOPICAL TERM
Topical term or geographic name entry element Performance
General subdivision Psychological aspects.
700 1# - ADDED ENTRY--PERSONAL NAME
Personal name Druckman, Daniel,
Dates associated with a name 1939-
700 1# - ADDED ENTRY--PERSONAL NAME
Personal name Swets, John A.,
Dates associated with a name 1928-
710 2# - ADDED ENTRY--CORPORATE NAME
Corporate name or jurisdiction name as entry element National Research Council (U.S.).
Subordinate unit Committee on Techniques for the Enhancement of Human Performance.
906 ## - LOCAL DATA ELEMENT F, LDF (RLIN)
a 7
b cbc
c orignew
d 1
e ocip
f 19
g y-gencatlg
942 ## - ADDED ENTRY ELEMENTS (KOHA)
Source of classification or shelving scheme
Koha item type Book
Holdings
Withdrawn status Lost status Source of classification or shelving scheme Damaged status Not for loan Collection code Permanent Location Current Location Shelving location Date acquired Total Checkouts Total Renewals Full call number Barcode Date last seen Date last checked out Price effective from Koha item type
            Central Library (CL) Central Library (CL) General Stacks 03/28/2016 1 1 158 ENH S3H-N-291 08/15/2024 12/12/2018 03/28/2016 Book
© 2023 Central Library, National University of Sciences and Technology. All Rights Reserved.